[Event "Challenge"]
[Site "http://www.queenalice.com/game.php?id=759388"]
[Date "2010.4.11"]
[Round "-"]
[White "ccjr"]
[Black "noopy"]
[Result "1-0"]
[WhiteElo "1453"]
[BlackElo "1377"]

1. f4 d5 2. d4 Nf6 3. e3 a6 4. Nc3 e6 5. Bd3 Bb4 6. Bd2 Qd6 7. Nf3 Nc6 8. Qe2
Ne4 9. a3 Bxc3 10. bxc3 b5 11. Bxe4 dxe4 12. Ng5 f5 13. c4 h6 14. c5 Qe7 15.
Qh5+ Kf8 16. Nh3 Kg8 17. O-O-O a5 18. Qe2 Ba6 19. Bc3 b4 20. axb4 Bxe2 21. Rde1
axb4 22. Bb2 Bg4 23. Nf2 Kh7 24. h3 1-0

[Event "MR. Anderson"]
[Site "http://www.queenalice.com/game.php?id=761871"]
[Date "2010.4.16"]
[Round "-"]
[White "Kirim"]
[Black "noopy"]
[Result "1-0"]
[WhiteElo "1721"]
[BlackElo "1362"]

1. e4 d6 2. d4 a6 3. Nf3 f5 4. Nc3 h6 5. Bc4 Nf6 6. O-O b5 7. Bb3 e6 8. Re1 Bb7
9. exf5 e5 10. dxe5 dxe5 11. Nxe5 Qxd1 12. Nxd1 Be7 13. Ng6 Rh7 14. Rxe7+ Kd8
15. Bf4 Nd5 16. Bxd5 Bxd5 17. Nc3 Nc6 18. Bxc7+ Kc8 19. Re8+ Kb7 20. Rxa8 Kxa8
21. Nxd5 h5 22. Bf4 1-0

[Event "AUTO-INT-1963"]
[Site "http://www.queenalice.com/game.php?id=904683"]
[Date "2011.2.23"]
[Round "1"]
[White "noopy"]
[Black "rebellionkid"]
[Result "1-0"]
[WhiteElo "1412"]
[BlackElo "1186"]

1. d4 d5 2. Nc3 Nf6 3. f4 Nc6 4. h3 Ne4 5. Nxe4 dxe4 6. g4 Qxd4 7. Qxd4 Nxd4 8.
Kd1 e6 9. e3 Nf3 10. Nxf3 exf3 11. Bd3 Bd7 12. Be4 Bc6 13. Bxc6+ bxc6 14. e4 Bc5
15. a3 f5 16. e5 fxg4 17. hxg4 O-O-O+ 18. Bd2 h5 19. gxh5 g6 20. h6 Be3 21. Rf1
Rxd2+ 22. Ke1 Bxf4 23. Rxf3 1-0

[Event "AUTO-INT-1963"]
[Site "http://www.queenalice.com/game.php?id=904684"]
[Date "2011.2.23"]
[Round "1"]
[White "rebellionkid"]
[Black "noopy"]
[Result "0-1"]
[WhiteElo "1194"]
[BlackElo "1404"]

1. c4 e5 2. e4 Nf6 3. Nc3 c6 4. Nf3 Bb4 5. a3 Bxc3 6. bxc3 Nxe4 7. Nxe5 Qe7 8.
d4 d6 9. Nd3 Nxc3+ 10. Qe2 Nxe2 11. Bxe2 Bf5 12. d5 Bxd3 13. Ra2 Bxc4 14. Rc2
Bxd5 15. O-O Nd7 16. Re1 O-O 17. Bd2 f5 18. Bc4 Ne5 19. Bxd5+ cxd5 20. f3 f4 21.
a4 Qg5 22. Rf1 Nc4 23. Re1 Ne3 24. Bxe3 fxe3 25. Rc3 Rae8 0-1

[Event "AUTO-INT-1963"]
[Site "http://www.queenalice.com/game.php?id=904685"]
[Date "2011.2.23"]
[Round "1"]
[White "noopy"]
[Black "fleuryjunior"]
[Result "1-0"]
[WhiteElo "1394"]
[BlackElo "1544"]

1. f4 e6 2. Nf3 Bc5 3. d4 Bb6 4. Bd2 Nf6 5. e3 d6 6. c4 Ne4 7. Nc3 Nxc3 8. Bxc3
e5 9. fxe5 dxe5 10. Nxe5 c5 11. Qh5 g6 12. Qh6 cxd4 13. exd4 Bxd4 14. Qg7 Qh4+
15. g3 Qe4+ 16. Be2 Bxc3+ 17. bxc3 Rf8 18. O-O Be6 19. c5 Qxe2 20. Rae1 Qb5 21.
Nxf7 Qxc5+ 22. Rf2 Nc6 23. Rxe6+ Kd7 24. Ng5+ Ne7 25. Ne4 Qa3 26. Qd4+ Kxe6 27.
Ng5# 1-0

[Event "AUTO-INT-1963"]
[Site "http://www.queenalice.com/game.php?id=904686"]
[Date "2011.2.23"]
[Round "1"]
[White "fleuryjunior"]
[Black "noopy"]
[Result "1-0"]
[WhiteElo "1537"]
[BlackElo "1437"]

1. e4 d6 2. Nf3 Nc6 3. Bc4 Be6 4. Bxe6 fxe6 5. Ng5 e5 6. Qf3 Nf6 7. c3 Qd7 8.
Na3 h6 9. Qh3 Qxh3 10. Nxh3 Nxe4 11. Nb5 O-O-O 12. d3 Nc5 13. d4 Nd3+ 14. Ke2
Nxc1+ 15. Rhxc1 Kb8 16. d5 Na5 17. b4 Nc4 18. a4 g5 19. f3 Nb6 20. c4 Bg7 21. a5
Nc8 22. a6 e4 23. Ra2 exf3+ 24. gxf3 c6 25. dxc6 bxc6 26. Nc3 Nb6 27. c5 Nd5 28.
Nxd5 cxd5 29. c6 Kc7 30. b5 Bd4 31. Rd1 Bc5 32. Rxd5 Kb6 33. Rb2 e6 34. Rd3 e5
35. Nf2 Rde8 36. Ne4 Re6 37. Nxc5 dxc5 38. Rd7 Rf8 39. Rb7+ Ka5 40. c7 Rc8 41.
Rxa7 Re7 42. b6 c4 43. b7 Rcxc7 44. b8=Q Rxa7 45. Qb5# 1-0